000 00578nam a2200241Ia 4500
003 OSt
005 20220924151343.0
006 a|||||r|||| 00| 0
007 ta
008 220923b |||||||| |||| 00| 0 tel d
020 _c20.00
024 _a337338
037 _cTextual
040 _aARTS
_cARTS
_btel
041 _2tel
_atel
082 _a035,3NVOL,1, M7
100 _aVolga Au.
_9224098
245 0 _aSwechcha
260 _c1987
650 _aTELUGU FICTION
942 _h035,3NVOL,1, M7
_cTEXL
_2CC
999 _c466300
_d466300